000 00869nam a22002417a 4500
001 22115
005 20260323173249.0
008 260323b |||||||| |||| 00| 0 spa d
041 _aESP
082 _a624.171
_bK24
100 _aKassimali, Aslam
_eAUT
245 _aAnálisis estructural
260 _a :
_b ,
_c2015
300 _a000 páginas :
_b ;
_c00 cm.
440 _a ;
650 _aTCA
654 _aCIC
700 _a;
856 _uhttps://itmsp.museknowledge.com/UCSP?url=https://www.ebooks7-24.com:443/?il=1298&pg=1
_zVersión digital
856 _uhttps://0u213trgg-y-https-ebooks7--24-com.itmsp.museknowledge.com/biblioteca.aspx
_zVéase además: Base de datos Ebook7-24
856 _uhttps://0u21dtrgm-y-https-ebooks-editorialmacro-com.itmsp.museknowledge.com/library
_zVéase además: Base de datos Macro Digital
942 _cLIB
_dJUS
_fJUS
_2ddc
999 _c22115
_d22115